|
|
|
|
| LEADER |
00000nam1a2200000 4500 |
| 001 |
363698 |
| 005 |
20240826145254.0 |
| 035 |
|
|
|a (RuTPU)RU\TPU\retro\21045
|
| 090 |
|
|
|a 363698
|
| 100 |
|
|
|a 20211008d1981 m y0rusy50 ca
|
| 101 |
1 |
|
|a rus
|c eng
|
| 102 |
|
|
|a RU
|
| 200 |
1 |
|
|a Взгляд на Всемирную историю. Письма к дочери из тюрьмы, содержащие свободное изложение истории для юношества
|e в 3 т.
|e пер. с англ.
|f Дж. Неру
|g авт. предисл. Р. А. Ульчновский ; пер. Г. Л. Бондаревского
|
| 210 |
|
|
|a Москва
|c Прогресс
|d 1981
|
| 700 |
|
1 |
|a Неру
|b Дж.
|c премьер-министр Республики Индия
|f 1889-1964
|g Джавахарлал
|7 ca
|8 rus
|2 stltpush
|3 (RuTPU)RU\TPU\pers\754
|9 343
|
| 702 |
|
1 |
|a Ульчновский
|b Р. А.
|4 080
|
| 702 |
|
1 |
|a Бондаревский
|b Г. Л.
|4 730
|
| 801 |
|
1 |
|a RU
|b 63413507
|c 20211008
|
| 801 |
|
2 |
|a RU
|b 63413507
|c 20230207
|g RCR
|
| 942 |
|
|
|c BK
|